000 00457nam a2200193Ia 4500
008 240510s9999 xx 000 0 und d
020 _a0000135508304
041 _aEng
082 _a004.21
082 _bB63
100 _aBRIGGS, Charles J.
245 0 _aManaging the systems development process
260 _bPrentice Hall, Englewood cliffs.
260 _c1980
300 _a407 p.
650 _aSystems Design
942 _2ddc
942 _cLBK
999 _c24762
_d24762
945 _a1
_bMadushi Gamage
_c1
_dMadushi Gamage